1850 1443 1370 1009 1351 1028 1955 1968 1946 1459 1827 1056 1786 1456 1127 1762 1356 1597 1889 1496 1178 1235 1008 1123 1938 1446 1081 1699 1830 1366 1827 1934 1333 1910 1137 1463 1930 1448 1902 1893 1154 1602 1842 1101 1455 1628 1596 1465 1092 1152 1780 1546 1312 1647 1566 1052 1879 1956 1956 1392 1525 1693 1581 1050 1531 1903 1817 1019 1442 1344 1206 1728 1051 1806 1740 1418 1217 1385 1267 1470 1638 1109 1822 1585 1796 1272 1325 1087 1683 1383 1091 1688 1912 1105 1509 1979 1950 1603 1217 BCNSPRNW ULIB Ver.6.0+V

เปลี่ยนเป็นภาษาไทย

Change to English
 แสดงรายละเอียดบรรณานุกรม
  กลับหน้าหลัก

Brief Record : Get Marc (ISO 2709) : E-mail record : QR code < ปิดหน้าต่าง
LEADER : 00000nam 2200000uu 4500
001    13399121523
003     ULIB
008    121122s2548||||th 000 0 tha d
099  0  ^aวพ.HF5549^bด263ค
100  0  ^aดอกไม้ อุดอ่อง,^d2508-
245  1  ^aความสัมพันธ์ระหว่างการพัฒนาวิชาการ วัฒนธรรมองค์การแบบสร้างสรรค์ ทรัพยากรกับความพึงพอใจในงานของอาจารย์พยาบาล เขตภาคตะวันออก ประเทศไทย /^cดอกไม้ อุดอ่อง.
260    ^a^c2548.
300    ^a131 แผ่น ;^c29 ซม.
502    ^aงานนิพนธ์นิพนธ์ (พย.ม.)--มหาวิทยาลัยบูรพา, 2548.
610  2  ^aมหาวิทยาลัยบูรพา.^bสาขาวิชาการบริหารการพยาบาล.
650    7 ^aครู^xความพอใจ.
650    7 ^aการจูงใจในการทำงาน.
650    7 ^aวัฒนธรรมองค์การ^xความพอใจ.
650    7 ^aการพัฒนาองค์การ.
650    7 ^aพฤติกรรมองค์การ.
945    ^p0^l0^i033133
995    เกษร
999    ^aใช้งานได้ทุกระบบ
รายการนี้ยังไม่มีแท็ก
คุณยังไม่ได้ล็อกอิน คุณสามารถมีกิจกรรมร่วมกับเว็บไซต์ได้ แต่ต้องล็อกอินก่อน ::
  ล็อกอิน

รายการสื่อสารสนเทศ

ลำดับที่ ประเภท เลขเรียก/บาร์โค้ด สถานที่ สถานะ
1. วิทยานิพนธ์
วิทยานิพนธ์
วพ.HF5549 ด263ค  
  Barcode: 033133
ห้องสมุดวิทยาเขตสวรรค์ประชารักษ์
►วิจัย
บนชั้น

BibComment


ยังไม่เคยถูกคอมเมนท์

คอมเมนท์ทรัพยากรรายการนี้
  คอมเมนท์: ความสัมพันธ์ระ..


 Copyright 2026. Bcnsprnw @Library